000 00256nam a22001217a 4500
008 181102b xxu||||| |||| 00| 0 eng d
041 _aeng
080 _a591
100 _a7
101 _aZOO
245 _aAnimal Diversity
_cHanson, E.D
942 _2udc
_cBK
999 _c51605
_d51605